Caricamento...

Neruda. H. D. Sachianandan /

Dettagli Bibliografici
Autore principale: Neruda, Pabola
Lingua:Undetermined
Pubblicazione: Kottayam : Cureent Books , 1999.
Soggetti:
LEADER 00506nam a2200157Ia 4500
001 132676
008 170722s9999 xx 000 0 und d
020 |a 8124007349 
100 |a Neruda, Pabola 
245 |a Neruda. H. D. Sachianandan / 
260 |a Kottayam :  |b Cureent Books ,  |c 1999. 
300 |a 161 p. 
653 |a Spanish Literature 
942 |c GEN 
999 |c 120014  |d 120014 
952 |0 0  |1 0  |4 0  |6 O_1231N04X_32N9KR  |7 0  |8 KR  |9 169787  |a LIB  |b LIB  |d 2017-08-12  |o O123,1N04x 32N9(KR)  |p 235543  |r 2017-08-12  |v 70.00  |w 2017-08-12  |y GEN